Statistics for Breakfast Cereal Mascots Picture Quiz

Click here to take the quiz!

General Stats

  • This quiz has been taken 11,362 times
    (11,318 since last reset)
  • The average score is 11 of 16

Answer Stats

Answer% Correct
Frosted Flakes
95%
Lucky Charms
90%
Rice Krispies
87%
Cap'n Crunch
86%
Froot Loops
86%
Honey Nut Cheerios
81%
Raisin Bran
70%
Trix
69%
Corn Flakes
68%
Fruity Pebbles
61%
Cocoa Puffs
56%
{Cookie} Crisp
56%
Count Chocula
56%
{Golden} Crisp
42%
Honey {Smacks}
36%
Franken Berry
30%

Score Distribution

Percentile by Number Answered

Percent of People with Each Score

Your Score History

You have not taken this quiz since the last reset